[Event "Kiel Cup U20"]
[Site "Kiel"]
[Date "2012.10.07"]
[Round "7"]
[White "Von Karger, Viktor"]
[Black "Moeller, Dustin"]
[Result "0-1"]
[WhiteElo "1593"]
[BlackElo "1732"]
[PlyCount "28"]
[EventDate "2012.10.??"]
[EventType "swiss"]
[EventRounds "7"]
[EventCountry "GER"]
[SourceTitle "EXT 2015"]
[Source "ChessBase"]
[SourceDate "2014.11.20"]
[SourceVersion "1"]
[SourceVersionDate "2014.11.20"]
[SourceQuality "1"]

1. d4 Nf6 2. c4 e6 3. Nc3 d5 4. Bf4 Bb4 5. e3 0-0 6. Nf3 b6 7. g3 c6 8. Qa4 Bxc3+ 9. bxc3 dxc4 10. Bxb8 b5 11. Qa3 Rxb8 12. Qxa7 Bd7 13. Ne5 Ra8 14. Qb7 Qa5 0-1

[Event "Schleswig Holstein-ch U18 Vormeister"]
[Site "Neumuenster"]
[Date "2011.04.28"]
[Round "5.1"]
[White "Von Karger, Viktor"]
[Black "Winker, Tobias"]
[Result "1-0"]
[WhiteElo "1574"]
[BlackElo "1359"]
[PlyCount "113"]
[EventDate "2011.04.25"]
[EventType "swiss"]
[EventRounds "9"]
[EventCountry "GER"]
[SourceTitle "EXT 2022"]
[Source "ChessBase"]
[SourceDate "2021.10.06"]
[SourceVersion "1"]
[SourceVersionDate "2021.10.06"]
[SourceQuality "1"]

1. d4 d5 2. c4 dxc4 3. e3 Nf6 4. Bxc4 Nc6 5. Nc3 Bg4 6. f3 Bh5 7. Nge2 e6 8. e4 Na5 9. Qa4+ c6 10. Bg5 Be7 11. Bd3 0-0 12. b4 Nc4 13. Bxf6 Bxf6 14. Bxc4 b5 15. Bxb5 cxb5 16. Qxb5 Bh4+ 17. Kf1 f5 18. Rd1 Be8 19. Qe5 Qb6 20. exf5 exf5 21. Qc5 Bf7 22. Qxb6 axb6 23. d5 Rfd8 24. g3 Be7 25. b5 Bf6 26. a4 Rac8 27. Rd3 Rc5 28. Kf2 Bxd5 29. Rhd1 Bxc3 30. Nxc3 Rxc3 31. Rxc3 Kf7 32. Rcd3 Ke6 33. Ke3 Ke5 34. Rxd5+ Rxd5 35. Rxd5+ Kxd5 36. Kf4 Kc4 37. Ke5 Kb4 38. Kd5 Kxa4 39. Kc6 Ka5 40. f4 h6 41. h3 h5 42. Kd5 Kxb5 43. Ke5 Kc5 44. Kxf5 b5 45. Kg6 b4 46. Kxg7 b3 47. f5 b2 48. f6 b1Q 49. f7 Qb2+ 50. Kg8 Qb8+ 51. f8Q+ Qxf8+ 52. Kxf8 Kd5 53. Kg7 Ke4 54. Kg6 Kf3 55. Kxh5 Kxg3 56. h4 Kf4 57. Kg6 1-0

[Event "GER North-chT U16"]
[Site "Verden an der Aller"]
[Date "2008.09.12"]
[Round "2.3"]
[White "Lange, Robert"]
[Black "Von Karger, Viktor"]
[Result "0-1"]
[WhiteElo "1187"]
[BlackElo "1519"]
[PlyCount "96"]
[EventDate "2008.09.12"]
[EventType "team-swiss"]
[EventRounds "6"]
[EventCountry "GER"]
[SourceTitle "EXT 2011"]
[Source "ChessBase"]
[SourceDate "2010.11.26"]
[SourceVersion "1"]
[SourceVersionDate "2010.11.26"]
[SourceQuality "1"]
[WhiteTeam "Malchow Schachinsel"]
[BlackTeam "Kiel Doppelbauer"]
[WhiteTeamCountry "GER"]
[BlackTeamCountry "GER"]

1. d4 d5 2. e3 Nc6 3. Nf3 Bf5 4. Bd3 Bxd3 5. Qxd3 Nf6 6. c3 e6 7. Nbd2 Bd6 8. 0-0 e5 9. e4 0-0 10. Ng5 exd4 11. exd5 dxc3 12. bxc3 Ne5 13. Qh3 h6 14. Nge4 Nxd5 15. Nf3 Nd3 16. Bxh6 N3f4 17. Qg4 Ng6 18. Bg5 Qc8 19. Qxc8 Raxc8 20. Rad1 Nb6 21. Nxd6 cxd6 22. Rc1 Rc4 23. Rfd1 d5 24. Be3 Ne7 25. Nd4 Rfc8 26. Nb5 Nf5 27. Bxb6 axb6 28. Rxd5 R4c5 29. Rcd1 Ne7 30. Rd7 Rxb5 31. Rxe7 Rxc3 32. Rxb7 Ra3 33. Ra1 Rxa2 34. Re1 Rbb2 35. Rf1 b5 36. Rc7 b4 37. Rc4 b3 38. Re1 Rxf2 39. Re8+ Kh7 40. Rh4+ Kg6 41. Rg4+ Kf6 42. Rb8 b2 43. Rb6+ Kf5 44. Rxg7 Rc2 45. Rxf7+ Ke5 46. Rb5+ Ke6 47. Rbf5 b1R+ 48. Rf1 Rxg2+ 0-1

[Event "Schleswig Holstein-ch U14 MT"]
[Site "Neumuenster"]
[Date "2008.03.30"]
[Round "9"]
[White "Von Karger, Viktor"]
[Black "Oltzen, Aljoscha"]
[Result "1-0"]
[WhiteElo "1388"]
[BlackElo "1255"]
[PlyCount "103"]
[EventDate "2008.03.24"]
[EventType "tourn"]
[EventRounds "9"]
[EventCountry "GER"]
[SourceTitle "EXT 2009"]
[Source "ChessBase"]
[SourceDate "2008.11.26"]
[SourceVersion "1"]
[SourceVersionDate "2008.11.26"]
[SourceQuality "1"]

1. d4 b6 2. c4 Bb7 3. Nc3 Nf6 4. Bg5 e6 5. e4 Be7 6. Qc2 d5 7. e5 Nfd7 8. Bxe7 Qxe7 9. cxd5 exd5 10. Nb5 Na6 11. a3 Ndb8 12. Nc3 Nc6 13. Bxa6 Bxa6 14. Nxd5 Qd7 15. Qe4 Rd8 16. Ne3 0-0 17. d5 Rfe8 18. Nf3 Ne7 19. Ng5 g6 20. Nxf7 Nxd5 21. Nxd8 Nxe3 22. Qxe3 Rxd8 23. Qb3+ Kg7 24. Rd1 Qxd1+ 25. Qxd1 Rxd1+ 26. Kxd1 Kf7 27. f4 Bb7 28. Rg1 Ke6 29. Kd2 Kf5 30. g3 Bd5 31. h3 h6 32. Rf1 Bg2 33. Re1 Ke6 34. h4 Bd5 35. g4 Bf3 36. h5 gxh5 37. f5+ Kf7 38. e6+ Ke7 39. f6+ Kxf6 40. e7 Bc6 41. e8Q Bxe8 42. Rxe8 hxg4 43. Ke2 Kg5 44. Re7 Kh4 45. Kf2 h5 46. Rxc7 Kh3 47. Rc3+ Kh2 48. Rg3 h4 49. Rxg4 h3 50. Rg7 Kh1 51. Rxa7 h2 52. Re7 1-0

[Event "Schleswig Holstein-ch U14 MT"]
[Site "Neumuenster"]
[Date "2008.03.25"]
[Round "3"]
[White "Von Karger, Viktor"]
[Black "Marx, Inge"]
[Result "1-0"]
[WhiteElo "1388"]
[BlackElo "1536"]
[PlyCount "95"]
[EventDate "2008.03.24"]
[EventType "tourn"]
[EventRounds "9"]
[EventCountry "GER"]
[SourceTitle "EXT 2009"]
[Source "ChessBase"]
[SourceDate "2008.11.26"]
[SourceVersion "1"]
[SourceVersionDate "2008.11.26"]
[SourceQuality "1"]

1. d4 Nf6 2. c4 g6 3. Nc3 Bg7 4. Nf3 d6 5. e4 0-0 6. Bd3 Nbd7 7. Bf4 Qe8 8. Qd2 e5 9. dxe5 dxe5 10. Bg5 Nc5 11. Rd1 Be6 12. Be3 Nxd3+ 13. Qxd3 Rd8 14. Qe2 Bg4 15. Bc5 Nh5 16. Bxf8 Nf4 17. Rxd8 Qxd8 18. Qf1 Bxf8 19. Nxe5 Be6 20. Nd5 Bg7 21. Nxf4 Bxe5 22. Nxe6 fxe6 23. Qe2 Qf6 24. 0-0 b6 25. b3 Bd6 26. Qf3 Qe5 27. g3 Kg7 28. Rc1 Qb2 29. Qc3+ Qxc3 30. Rxc3 Kf6 31. f4 e5 32. Rf3 Ke6 33. Kg2 h6 34. Kf2 a5 35. Ke3 Bc5+ 36. Kd3 Bd6 37. f5+ Kf6 38. h4 Bc5 39. fxg6+ Kxg6 40. Rf5 Bd6 41. h5+ Kg7 42. Ke3 Kg8 43. Rf6 Kg7 44. Rg6+ Kh7 45. Kf3 Be7 46. Re6 Bd6 47. Kg4 Kg7 48. Kf5 1-0

[Event "Kieler Cup U14"]
[Site "Kiel"]
[Date "2007.10.18"]
[Round "2"]
[White "Magnussen, Helge"]
[Black "Von Karger, Viktor"]
[Result "1-0"]
[WhiteElo "2034"]
[BlackElo "1325"]
[PlyCount "39"]
[EventDate "2007.10.18"]
[EventType "swiss"]
[EventRounds "7"]
[EventCountry "GER"]
[SourceTitle "EXT 2010"]
[Source "ChessBase"]
[SourceDate "2010.11.25"]
[SourceVersion "1"]
[SourceVersionDate "2010.11.25"]
[SourceQuality "1"]

1. d4 d5 2. c4 e6 3. Nc3 Nf6 4. Bg5 Nbd7 5. e3 c6 6. Nf3 Bb4 7. a3 Bxc3+ 8. bxc3 Qa5 9. Rc1 Qxa3 10. cxd5 Nxd5 11. Qc2 a5 12. e4 N5f6 13. Bd3 h6 14. Bf4 b5 15. Ke2 a4 16. Ra1 Qe7 17. c4 Ba6 18. cxb5 cxb5 19. Qc6 0-0 20. Bd6 1-0

[Event "GER North-chT U16"]
[Site "Magdeburg"]
[Date "2006.08.29"]
[Round "7.1"]
[White "Geise, Maria"]
[Black "Von Karger, Viktor"]
[Result "0-1"]
[WhiteElo "928"]
[BlackElo "1217"]
[PlyCount "84"]
[EventDate "2006.08.26"]
[EventType "team"]
[EventRounds "7"]
[EventCountry "GER"]
[SourceTitle "EXT 2007"]
[Source "ChessBase"]
[SourceDate "2006.11.23"]
[SourceVersion "1"]
[SourceVersionDate "2006.11.23"]
[SourceQuality "1"]

1. e4 e5 2. Nf3 Nc6 3. Bc4 Be7 4. c3 Nf6 5. d3 0-0 6. Bg5 d6 7. Nbd2 Bg4 8. h3 Bh5 9. g4 Bg6 10. Qe2 a6 11. 0-0-0 b5 12. Bxf6 Bxf6 13. Bd5 Qd7 14. Rdf1 Rab8 15. Ne1 Bg5 16. Ng2 b4 17. Bxc6 Qxc6 18. c4 Qa4 19. f4 exf4 20. Nxf4 Qxa2 21. Nb1 a5 22. h4 Bf6 23. h5 Bg5 24. hxg6 fxg6 25. Qh2 h6 26. Nd2 Rf7 27. Nxg6 Rxf1+ 28. Rxf1 Bxd2+ 29. Kd1 Qb1+ 30. Ke2 Qxb2 31. Kf3 Qf6+ 32. Ke2 Qxg6 33. Kxd2 Qxg4 34. Rg1 Qe6 35. Qh5 Qf6 36. Ke3 c5 37. Rg6 Qd4+ 38. Kf3 Qxd3+ 39. Kf4 Rf8+ 40. Kg4 Qf3+ 41. Kh4 Rf4+ 42. Rg4 g5+ 0-1

[Event "GER North-chT U16"]
[Site "Magdeburg"]
[Date "2006.08.26"]
[Round "2.1"]
[White "Sieber, Martin1111"]
[Black "Von Karger, Viktor"]
[Result "0-1"]
[WhiteElo "1357"]
[BlackElo "1221"]
[PlyCount "50"]
[EventDate "2006.08.26"]
[EventType "team"]
[EventRounds "7"]
[EventCountry "GER"]
[SourceTitle "EXT 2007"]
[Source "ChessBase"]
[SourceDate "2006.11.23"]
[SourceVersion "1"]
[SourceVersionDate "2006.11.23"]
[SourceQuality "1"]

1. e4 e5 2. Nf3 Nc6 3. Bc4 Be7 4. c3 Nf6 5. d4 exd4 6. cxd4 Nxe4 7. d5 Na5 8. Bd3 Nf6 9. b4 Bxb4+ 10. Bd2 Qe7+ 11. Be2 Nxd5 12. 0-0 Nc6 13. Bc4 0-0 14. Bxd5 Qf6 15. Bxb4 Nxb4 16. Qb3 Nxd5 17. Re1 Qxa1 18. Nc3 Qxc3 19. Qxd5 c6 20. Qe4 d5 21. Qe7 Bg4 22. Ng5 Bd7 23. h3 Rae8 24. Nxh7 Rxe7 25. Rxe7 Kxh7 0-1

[Event "Kiel op-B 19th"]
[Site "Kiel"]
[Date "2006.07.26"]
[Round "7"]
[White "Von Karger, Viktor"]
[Black "Kibilka, Ulrich"]
[Result "0-1"]
[WhiteElo "1177"]
[BlackElo "1274"]
[PlyCount "74"]
[EventDate "2006.07.22"]
[EventType "swiss"]
[EventRounds "9"]
[EventCountry "GER"]
[SourceTitle "CBM 113 Extra"]
[Source "ChessBase"]
[SourceDate "2006.09.14"]
[SourceVersion "1"]
[SourceVersionDate "2006.09.14"]
[SourceQuality "1"]

1. d4 Nf6 2. c4 c6 3. Nc3 d5 4. Nf3 g6 5. e3 Bg7 6. Be2 0-0 7. 0-0 a6 8. a4 Nbd7 9. b4 dxc4 10. Bxc4 Nb6 11. Bd3 Nbd5 12. Nxd5 Nxd5 13. Bd2 b5 14. axb5 cxb5 15. Bxb5 Bb7 16. Be2 Qd6 17. b5 axb5 18. Rxa8 Rxa8 19. Bxb5 e6 20. Qb1 Bc6 21. Bxc6 Qxc6 22. e4 Ne7 23. Be3 Nc8 24. Bf4 Ne7 25. Qb4 Qd7 26. g3 Nc6 27. Qb5 Rd8 28. Rc1 Na7 29. Qa6 Nc8 30. Rc7 Qe8 31. e5 h6 32. Nd2 Ne7 33. Be3 Nd5 34. Rc5 Ra8 35. Qf1 Kh7 36. Qe2 Bf8 37. Rb5 Nc3 0-1

[Event "Kiel op-B 19th"]
[Site "Kiel"]
[Date "2006.07.25"]
[Round "6"]
[White "Schulze, Klaus Dieter"]
[Black "Von Karger, Viktor"]
[Result "1-0"]
[WhiteElo "1628"]
[BlackElo "1177"]
[PlyCount "82"]
[EventDate "2006.07.22"]
[EventType "swiss"]
[EventRounds "9"]
[EventCountry "GER"]
[SourceTitle "CBM 113 Extra"]
[Source "ChessBase"]
[SourceDate "2006.09.14"]
[SourceVersion "1"]
[SourceVersionDate "2006.09.14"]
[SourceQuality "1"]

1. e4 e5 2. Nc3 Nf6 3. f4 d6 4. fxe5 dxe5 5. Nf3 Nc6 6. Bb5 Bd7 7. 0-0 Bd6 8. d3 a6 9. Bxc6 Bxc6 10. Qe1 Qe7 11. Bg5 0-0-0 12. Nh4 Bc5+ 13. Kh1 Rhg8 14. Nf5 Qf8 15. Qh4 Be7 16. Nxe7+ Qxe7 17. Bxf6 gxf6 18. Qxh7 Rg6 19. a3 Rdg8 20. Rf2 Qf8 21. Qh3+ Bd7 22. Qe3 Rh8 23. Raf1 Rgh6 24. g3 Rh3 25. Qa7 Kd8 26. Qb8+ Bc8 27. Nd5 Qc5 28. b4 Qc6 29. c4 f5 30. Qxc8+ Kxc8 31. Ne7+ Kd7 32. Nxc6 Kxc6 33. Rxf5 Rxh2+ 34. Kg1 Ra2 35. Rf6+ Kd7 36. Rxf7+ Ke8 37. R1f2 Rxa3 38. Rxc7 Rh6 39. Rc5 Rxd3 40. Rxe5+ Kd7 41. Rd5+ Rxd5 1-0

[Event "Schleswig Holstein-ch U12"]
[Site "Neumuenster"]
[Date "2006.04.04"]
[Round "4"]
[White "Knoche, Lennart"]
[Black "Von Karger, Viktor"]
[Result "0-1"]
[WhiteElo "920"]
[BlackElo "1263"]
[PlyCount "44"]
[EventDate "2006.04.02"]
[EventType "swiss"]
[EventRounds "11"]
[EventCountry "GER"]
[SourceTitle "EXT 2007"]
[Source "ChessBase"]
[SourceDate "2006.11.23"]
[SourceVersion "1"]
[SourceVersionDate "2006.11.23"]
[SourceQuality "1"]

1. e4 e5 2. Nf3 Nc6 3. d4 exd4 4. Bc4 Be7 5. b3 d6 6. Bb2 Nf6 7. Nbd2 Bg4 8. h3 Bh5 9. Qe2 Ne5 10. Bxd4 Bxf3 11. Nxf3 Nxc4 12. bxc4 0-0 13. e5 dxe5 14. Bxe5 Nd7 15. Bc3 Re8 16. 0-0 Bf6 17. Qd2 Bxc3 18. Qxc3 Qf6 19. Qd3 Nc5 20. Qd5 b6 21. Rad1 Rad8 22. Rfe1 c6 0-1

[Event "Schleswig Holstein-ch U12"]
[Site "Neumuenster"]
[Date "2006.04.04"]
[Round "5"]
[White "Von Karger, Viktor"]
[Black "Marx, Inge"]
[Result "0-1"]
[WhiteElo "1263"]
[BlackElo "1139"]
[PlyCount "47"]
[EventDate "2006.04.02"]
[EventType "swiss"]
[EventRounds "11"]
[EventCountry "GER"]
[SourceTitle "EXT 2007"]
[Source "ChessBase"]
[SourceDate "2006.11.23"]
[SourceVersion "1"]
[SourceVersionDate "2006.11.23"]
[SourceQuality "1"]

1. d4 d5 2. c4 Nf6 3. Nc3 Bf5 4. Bg5 e6 5. Bxf6 gxf6 6. Nf3 Nc6 7. e3 Bb4 8. Qb3 Qd7 9. Be2 0-0-0 10. 0-0 Bxc3 11. Qxc3 Rhg8 12. g3 Rde8 13. b4 Bh3 14. Rfb1 f5 15. b5 Ne7 16. c5 Ng6 17. c6 Qd6 18. Ng5 f4 19. Nxf7 Qe7 20. cxb7+ Kb8 21. Nh6 Rg7 22. a4 Qg5 23. a5 fxg3 24. b6 0-1

[Event "GER-chT U12"]
[Site "Verden"]
[Date "2005.12.29"]
[Round "5.3"]
[White "Von Karger, Viktor"]
[Black "Nitsche Hahn, Raphael"]
[Result "1-0"]
[WhiteElo "1277"]
[BlackElo "1488"]
[PlyCount "103"]
[EventDate "2005.12.27"]
[EventType "team-swiss"]
[EventRounds "7"]
[EventCountry "GER"]
[SourceTitle "CBM 110 Extra"]
[Source "ChessBase"]
[SourceDate "2006.03.10"]
[SourceVersion "2"]
[SourceVersionDate "2006.03.10"]
[SourceQuality "1"]

1. d4 f5 2. g3 g6 3. Bg2 Nf6 4. Nf3 Bg7 5. c4 0-0 6. d5 e6 7. dxe6 dxe6 8. Qxd8 Rxd8 9. Bf4 Na6 10. 0-0 Ng4 11. h3 e5 12. Bg5 Nf6 13. Nxe5 Re8 14. Nd3 c6 15. Nc3 Be6 16. c5 Nd7 17. Be3 Bc4 18. Na4 Bf8 19. Rfc1 Bxd3 20. exd3 Bg7 21. d4 Nc7 22. Rd1 Nf6 23. Nc3 Rad8 24. Rd2 Rd7 25. Rad1 Red8 26. Bg5 Rc8 27. Bxf6 Bxf6 28. d5 cxd5 29. Bxd5+ Nxd5 30. Rxd5 Rxd5 31. Nxd5 Bg5 32. f4 Bd8 33. b4 a5 34. Nb6 Bxb6 35. cxb6 axb4 36. Rd7 Rc1+ 37. Kf2 Rc2+ 38. Ke3 Rxa2 39. Rxb7 b3 40. Rb8+ Kg7 41. b7 Kh6 42. Rc8 Rc2 43. b8Q Rc6 44. Rxc6 b2 45. Qxb2 Kh5 46. g4+ Kh6 47. g5+ Kh5 48. Qe2+ Kh4 49. Rc7 Kg3 50. Qf2+ Kxh3 51. Rxh7+ Kg4 52. Qf3# 1-0